Mclaren F1 Team Race Winners - Statistics

General Stats
  • This quiz has been taken 57 times
  • The average score is 18 of 32
Answer Stats
Number Of Victories Driver % Correct
32 Fernando Alonso
94%
105 Lewis Hamilton
94%
3 Lando Norris
92%
41 Ayrton Senna
90%
51 Alain Prost
88%
2 Oscar Piastri
88%
25 Niki Lauda
79%
15 Jenson Button
77%
20 Mika Häkkinen
77%
8 Daniel Ricciardo
75%
13 David Coulthard
75%
21 Kimi Raïkkönen
75%
4 Bruce Mclaren
71%
14 Emerson Fittipaldi
67%
10 James Hunt
67%
31 Nigel Mansell
63%
7 Juan Pablo Montoya
60%
10 Gerhard Berger
54%
4 Carlos Sainz Jr.
52%
1 Heikki Kovalainen
52%
6 Sergio Pérez
52%
8 Denny Hulme
40%
5 Keke Rosberg
38%
6 Gilles Villeneuve
35%
10 Jody Scheckter
35%
5 John Watson
33%
8 Jacky Ickx
31%
1 Jochen Mass
29%
2 Peter Revson
23%
2 Patrick Tambay
15%
4 Dan Gurney
13%
1 Peter Gethin
8%
No matching quizzes found
Score Distribution
Percent of People with Each Score
Percentile by Number Answered
Your Score History
You have not taken this quiz